00807cam a22002771 4500001001300000003000400013005001700017008004100034010001700075025002000092035002000112040002100132042001200153050001800165100003100183245006300214260001100277300002200288500001500310500005400325600004100379630002100420700004100441740003000482999001700512sa 68020001 DLC20260227112721.0940711s1967 ii 000 0 telo  asa 68020001  aPL480:I-Te-1923 a(OCoLC)30748239 aDLCcCUdCUdDLC apremarc00aPK3642.U3bV91 aVyasamurty, Kaluri,d1906-10aTikkana kaḷā sāmrājyamu, Sañjaya rāyabāramu. c[1967] a8, 166 p.c18 cm. aIn Telugu. aIncludes selections from Tikkana's Udyogaparvamu.00aTikkana,d1220-1300.tUdyogaparvamu.00aMahābhārata.0 aTikkana,d1220-1300.tUdyogaparvamu.0 aSañjava rāyabāramu. c89198d89198